[Event "Satu Mare Foisor blitz 3rd"]
[Site "Satu Mare"]
[Date "2020.01.19"]
[Round "8"]
[White "Dragomirescu, Calin"]
[Black "Szuhanek, Ranko"]
[Result "1-0"]
[WhiteElo "2064"]
[BlackElo "2449"]
[PlyCount "185"]
[EventDate "2020.01.19"]
[EventType "swiss (blitz)"]
[EventRounds "9"]
[EventCountry "ROU"]
[SourceTitle "CBM 194 Extra"]
[Source "ChessBase"]
[SourceDate "2020.03.31"]
[SourceVersion "1"]
[SourceVersionDate "2020.03.31"]
[SourceQuality "1"]

1. Nf3 d5 2. c4 c6 3. d4 Nf6 4. e3 a6 5. Nc3 Bg4 6. cxd5 cxd5 7. Be2 Nc6 8. h3 Bxf3 9. Bxf3 e6 10. 0-0 Be7 11. a3 Rc8 12. Bd2 0-0 13. b4 b5 14. Rc1 Nd7 15. Ne2 Nb6 16. Qb3 Nc4 17. Bc3 Qd6 18. Nf4 a5 19. Nd3 axb4 20. axb4 Ra8 21. Ra1 Qc7 22. Nc5 Nb6 23. Rxa8 Rxa8 24. Ra1 Rxa1+ 25. Bxa1 Qa7 26. Bc3 Nc4 27. g3 g6 28. Kg2 h5 29. h4 Nd6 30. Be2 Nc4 31. Bf3 Nd6 32. Be2 Nb8 33. Bd3 Nd7 34. Qc2 Nf8 35. Qe2 Nc4 36. Qc2 Kg7 37. e4 Bf6 38. e5 Be7 39. Kh2 Qa3 40. Kg2 Qa7 41. Kh2 Nd7 42. Kg2 Nf8 43. Kh2 Bxc5 44. bxc5 Nd7 45. Kg2 Nb8 46. Qb3 Qa6 47. Bb4 Nc6 48. Bc3 Qa4 49. Qxa4 bxa4 50. Kf1 N6a5 51. Bxa5 Nxa5 52. Ke2 Kf8 53. Kd2 Nb3+ 54. Kc3 Nc1 55. Bc2 a3 56. Ba4 Ne2+ 57. Kb3 Nxd4+ 58. Kxa3 Nf3 59. Kb4 Ke7 60. Kb5 Nxe5 61. Kb6 Nc4+ 62. Kb7 Na5+ 63. Kb6 Nc4+ 64. Kb7 d4 65. c6 Nd6+ 66. Kb6 Nc8+ 67. Kb7 Nd6+ 68. Kb8 e5 69. c7 f5 70. c8Q Nxc8 71. Kxc8 Kd6 72. Bc2 e4 73. Kd8 d3 74. Bd1 Ke5 75. Ke7 f4 76. gxf4+ Kxf4 77. Kf6 e3 78. fxe3+ Kg3 79. e4 Kxh4 80. e5 g5 81. e6 g4 82. e7 g3 83. e8Q g2 84. Qe4+ Kg3 85. Qf3+ Kh2 86. Qxh5+ Kg1 87. Bf3 Kf2 88. Bxg2 Kxg2 89. Qd1 Kf2 90. Ke5 Ke3 91. Kd5 d2 92. Kc4 Ke4 93. Kc3 1-0

[Event "Satu Mare Foisor rapid 3rd"]
[Site "Satu Mare"]
[Date "2020.01.18"]
[Round "5"]
[White "Ardeleanu, Alin"]
[Black "Szuhanek, Ranko"]
[Result "1/2-1/2"]
[WhiteElo "2299"]
[BlackElo "2449"]
[PlyCount "70"]
[EventDate "2020.01.18"]
[EventType "swiss (rapid)"]
[EventRounds "10"]
[EventCountry "ROU"]
[SourceTitle "CBM 194 Extra"]
[Source "ChessBase"]
[SourceDate "2020.03.31"]
[SourceVersion "1"]
[SourceVersionDate "2020.03.31"]
[SourceQuality "1"]

1. e4 c6 2. Nc3 d5 3. Qf3 e6 4. d4 dxe4 5. Qxe4 Nf6 6. Qh4 Be7 7. Bg5 h6 8. Nf3 Nbd7 9. Bd3 Qc7 10. 0-0 b6 11. Ne4 Nxe4 12. Bxe7 Nef6 13. Ba3 c5 14. Qg3 Qxg3 15. hxg3 Bb7 16. dxc5 Nxc5 17. Bb5+ Ke7 18. Ne5 Rac8 19. Nd3 a6 20. Nxc5 bxc5 21. Be2 Rc7 22. Rfd1 Nd5 23. Bf3 Ba8 24. c4 Nb4 25. Bxa8 Rxa8 26. Bxb4 cxb4 27. b3 a5 28. a3 bxa3 29. Rxa3 Rb8 30. Rd3 Rc5 31. g4 Rd8 32. Rxd8 Kxd8 33. f3 Kc7 34. Kf2 f5 35. gxf5 exf5 1/2-1/2

[Event "EU-Cup 32nd"]
[Site "Novi Sad"]
[Date "2016.11.07"]
[Round "2.4"]
[White "Szuhanek, Ranko"]
[Black "Holm, Kristian Stuvik"]
[Result "1/2-1/2"]
[WhiteElo "2496"]
[BlackElo "2420"]
[PlyCount "60"]
[EventDate "2016.11.06"]
[EventType "team-swiss"]
[EventRounds "7"]
[EventCountry "SRB"]
[SourceTitle "CBM 176"]
[Source "ChessBase"]
[SourceDate "2017.01.17"]
[SourceVersion "1"]
[SourceVersionDate "2017.01.17"]
[SourceQuality "1"]
[WhiteTeam "Itaka"]
[BlackTeam "Vaalerenga"]
[WhiteTeamCountry "SRB"]
[BlackTeamCountry "NOR"]

1. Nf3 c5 2. c4 Nc6 3. d4 cxd4 4. Nxd4 e6 5. Nc3 Bc5 6. Nb3 Bb4 7. Bd2 Nf6 8. a3 Be7 9. e4 d5 10. exd5 exd5 11. cxd5 Nxd5 12. Be2 0-0 13. 0-0 Nxc3 14. Bxc3 Be6 15. Nd4 Nxd4 16. Qxd4 Qxd4 17. Bxd4 Rfd8 18. Bc3 Bd5 19. Rfe1 Bf8 20. Bg4 Bc6 21. Bf5 Re8 22. Rxe8 Rxe8 23. Re1 Rxe1+ 24. Bxe1 g6 25. Bc2 Bg7 26. b3 Bb2 27. Bb4 Kg7 28. Be7 f5 29. a4 Kf7 30. Bc5 a6 1/2-1/2

[Event "SRB-chT"]
[Site "Kragujevac"]
[Date "2016.09.29"]
[Round "8.6"]
[White "Kojovic, Dragan"]
[Black "Szuhanek, Ranko"]
[Result "0-1"]
[WhiteElo "2391"]
[BlackElo "2515"]
[PlyCount "102"]
[EventDate "2016.09.22"]
[EventType "team-tourn"]
[EventRounds "11"]
[EventCountry "SRB"]
[SourceTitle "CBM 174 Extra"]
[Source "ChessBase"]
[SourceDate "2016.10.10"]
[SourceVersion "1"]
[SourceVersionDate "2016.10.10"]
[SourceQuality "1"]
[WhiteTeam "Metalac"]
[BlackTeam "Itaka"]
[WhiteTeamCountry "SRB"]
[BlackTeamCountry "SRB"]

1. e4 c5 2. Nf3 d6 3. d4 cxd4 4. Nxd4 Nf6 5. Nc3 a6 6. f3 e5 7. Nb3 Be6 8. Be3 Be7 9. Nd5 Nxd5 10. exd5 Bf5 11. Qd2 0-0 12. Be2 Nd7 13. Na5 Qc7 14. c4 Bh4+ 15. g3 Bd8 16. b4 Qc8 17. 0-0 Bxa5 18. bxa5 Qc7 19. Rac1 Nc5 20. g4 Bg6 21. h4 h6 22. Rf2 Bh7 23. Rg2 Kh8 24. Kh1 f5 25. g5 hxg5 26. Rxg5 f4 27. Bf2 Rf5 28. Rg4 Raf8 29. Rcg1 R8f7 30. Qb4 Rh5 31. Qa3 Bf5 32. Rg5 Rxg5 33. Rxg5 Bh7 34. Kh2 Re7 35. Rg4 Bf5 36. Rg5 Bh7 37. Rh5 Kg8 38. Bf1 b6 39. axb6 Qxb6 40. Bh3 Bg6 41. Rg5 Kh7 42. Be6 Qb1 43. Bxc5 dxc5 44. Qxc5 Rb7 45. Qf8 Rb2+ 46. Rg2 Rxg2+ 47. Kxg2 Qc2+ 48. Kg1 Qd1+ 49. Kf2 Qd2+ 50. Kg1 Qe1+ 51. Kg2 Qg3+ 0-1

[Event "SRB-chT"]
[Site "Kragujevac"]
[Date "2016.09.25"]
[Round "4.5"]
[White "Milanovic, Danilo"]
[Black "Szuhanek, Ranko"]
[Result "1-0"]
[WhiteElo "2496"]
[BlackElo "2515"]
[PlyCount "137"]
[EventDate "2016.09.22"]
[EventType "team-tourn"]
[EventRounds "11"]
[EventCountry "SRB"]
[SourceTitle "CBM 174 Extra"]
[Source "ChessBase"]
[SourceDate "2016.10.10"]
[SourceVersion "1"]
[SourceVersionDate "2016.10.10"]
[SourceQuality "1"]
[WhiteTeam "Sveti Nikolaj Srpski"]
[BlackTeam "Itaka"]
[WhiteTeamCountry "SRB"]
[BlackTeamCountry "SRB"]

1. d4 d5 2. Bf4 c6 3. Nf3 Nf6 4. e3 Bf5 5. c4 e6 6. Nc3 Nbd7 7. Qb3 Qc8 8. Rc1 Be7 9. h3 h6 10. Be2 0-0 11. 0-0 Rd8 12. Rfd1 dxc4 13. Bxc4 Nb6 14. Be2 Bd6 15. Bxd6 Rxd6 16. a4 Nbd5 17. Nb5 Rd8 18. a5 Qb8 19. Na3 Qc7 20. Nc4 Rab8 21. Qa3 Ne4 22. Bd3 a6 23. Bf1 Bh7 24. Nfe5 f6 25. Nd3 Bg6 26. b4 Bh5 27. Re1 Bg6 28. Qb2 Qf7 29. Nc5 Nc7 30. Nd3 Nd5 31. Be2 Qe7 32. Qb3 Kh8 33. Red1 Kh7 34. Qb2 Kh8 35. Nc5 Bh7 36. Bf3 Ng5 37. Bg4 Nc7 38. Be2 Ne4 39. Bf1 Nd5 40. g3 Nc7 41. Bg2 Nd6 42. Nd2 Nf7 43. Nc4 Nd6 44. Nxd6 Qxd6 45. Rd2 b6 46. Na4 bxa5 47. Rxc6 Qe7 48. Qc1 Nd5 49. Nc5 Rd6 50. Nxa6 Rxc6 51. Qxc6 Nxb4 52. Qc5 Qxc5 53. Nxc5 Bb1 54. Rb2 Na6 55. Nb7 Bd3 56. Ra2 Rc8 57. Bf3 Rc1+ 58. Kg2 Nb4 59. Rxa5 Nc2 60. g4 Ne1+ 61. Kg3 Nc2 62. Nc5 Bc4 63. Ra8+ Kh7 64. Be4+ g6 65. Ra7+ Kh8 66. Nd7 Rg1+ 67. Kh2 Rf1 68. Bxc2 Rxf2+ 69. Kg3 1-0

[Event "Novi Sad Super Master2 op"]
[Site "Novi Sad"]
[Date "2016.06.18"]
[Round "9"]
[White "Bozic, Milan"]
[Black "Szuhanek, Ranko"]
[Result "0-1"]
[WhiteElo "2439"]
[BlackElo "2504"]
[PlyCount "54"]
[EventDate "2016.06.13"]
[EventType "swiss"]
[EventRounds "9"]
[EventCountry "SRB"]
[SourceTitle "EXT 2017"]
[Source "ChessBase"]
[SourceDate "2016.10.25"]
[SourceVersion "1"]
[SourceVersionDate "2016.10.25"]
[SourceQuality "1"]

1. e4 c5 2. Nf3 d6 3. d4 cxd4 4. Nxd4 Nf6 5. Nc3 a6 6. Be2 e5 7. Nb3 Be6 8. 0-0 Qc7 9. a4 Nbd7 10. Be3 Be7 11. f4 0-0 12. Kh1 Rac8 13. f5 Bc4 14. Bd3 d5 15. Nxd5 Nxd5 16. exd5 Bxd3 17. Qxd3 Qxc2 18. Qxc2 Rxc2 19. Rab1 Nf6 20. Rfd1 Rd8 21. Na5 Rxd5 22. Nxb7 Rxb2 23. Rdc1 Rxb1 24. Rxb1 e4 25. Rf1 Ng4 26. Bg1 Bb4 27. h3 e3 0-1

[Event "Novi Sad Super Master2 op"]
[Site "Novi Sad"]
[Date "2016.06.17"]
[Round "7"]
[White "Szuhanek, Ranko"]
[Black "Damia, Angelo"]
[Result "1/2-1/2"]
[WhiteElo "2504"]
[BlackElo "2242"]
[PlyCount "72"]
[EventDate "2016.06.13"]
[EventType "swiss"]
[EventRounds "9"]
[EventCountry "SRB"]
[SourceTitle "EXT 2017"]
[Source "ChessBase"]
[SourceDate "2016.10.25"]
[SourceVersion "1"]
[SourceVersionDate "2016.10.25"]
[SourceQuality "1"]

1. c4 Nf6 2. Nf3 e6 3. Nc3 d5 4. d4 Be7 5. Bg5 Nbd7 6. e3 0-0 7. Qc2 h6 8. Bh4 dxc4 9. Bxc4 a6 10. a3 b5 11. Ba2 Bb7 12. Rd1 Rc8 13. Bb1 g6 14. b4 a5 15. 0-0 axb4 16. axb4 Nd5 17. Nxd5 Bxd5 18. Bxe7 Qxe7 19. Qd2 Bc4 20. Rfe1 e5 21. e4 Kh7 22. h4 exd4 23. Qxd4 Rfd8 24. e5 Nf8 25. Qc3 Rxd1 26. Rxd1 c5 27. bxc5 Qxc5 28. Qd2 Bb3 29. Re1 Qc3 30. Qf4 Qc4 31. Be4 b4 32. h5 Bc2 33. Nd2 Qe6 34. Bxc2 Rxc2 35. Qxb4 gxh5 36. Nf3 Ng6 1/2-1/2

[Event "Novi Sad Super Master2 op"]
[Site "Novi Sad"]
[Date "2016.06.14"]
[Round "3"]
[White "Szuhanek, Ranko"]
[Black "Rogac, Srdjan"]
[Result "1-0"]
[WhiteElo "2504"]
[BlackElo "2400"]
[PlyCount "49"]
[EventDate "2016.06.13"]
[EventType "swiss"]
[EventRounds "9"]
[EventCountry "SRB"]
[SourceTitle "EXT 2017"]
[Source "ChessBase"]
[SourceDate "2016.10.25"]
[SourceVersion "1"]
[SourceVersionDate "2016.10.25"]
[SourceQuality "1"]

1. Nf3 Nf6 2. c4 e6 3. Nc3 Bb4 4. Qb3 c5 5. a3 Bxc3 6. Qxc3 0-0 7. g3 b6 8. Bg2 Bb7 9. 0-0 d5 10. cxd5 exd5 11. d4 Ne4 12. Qc2 c4 13. b3 cxb3 14. Qxb3 Nc6 15. Bf4 Rc8 16. Rac1 Na5 17. Qd3 Qd7 18. Ne5 Qe6 19. Bf3 a6 20. a4 g5 21. Bd2 Nxd2 22. Qxd2 Nb3 23. Qxg5+ Kh8 24. Rxc8 Bxc8 25. Bxd5 1-0

[Event "Bijeljina"]
[Site "Bijeljina"]
[Date "2015.06.25"]
[Round "5"]
[White "Szuhanek, Ranko"]
[Black "Mrkonjic, Nenad"]
[Result "1-0"]
[WhiteElo "2489"]
[BlackElo "2380"]
[PlyCount "61"]
[EventDate "2015.06.22"]
[EventType "tourn"]
[EventRounds "10"]
[EventCountry "BIH"]
[EventCategory "8"]
[SourceTitle "CBM 167 Extra"]
[Source "ChessBase"]
[SourceDate "2015.09.14"]
[SourceVersion "1"]
[SourceVersionDate "2015.09.14"]
[SourceQuality "1"]

1. c4 Nf6 2. Nf3 d6 3. Nc3 g6 4. g3 Bg7 5. Bg2 c5 6. d4 cxd4 7. Nxd4 0-0 8. 0-0 a6 9. b3 Qc7 10. Bb2 Nc6 11. Nc2 Rb8 12. Rc1 Qa5 13. Qd2 Qh5 14. Ne3 Re8 15. Ncd5 Nxd5 16. cxd5 Ne5 17. Rc7 Bh3 18. Rfc1 Bxg2 19. Kxg2 Ng4 20. Nxg4 Bxb2 21. Nh6+ Kg7 22. Qxb2+ Kxh6 23. e4 f6 24. Qd2+ Kg7 25. Qb4 Kf8 26. R1c4 Qe2 27. a3 b5 28. Rc2 Qd1 29. R2c6 Ra8 30. Rxd6 a5 31. Qc5 1-0

[Event "Bijeljina"]
[Site "Bijeljina"]
[Date "2015.06.24"]
[Round "4"]
[White "Kosic, Dragan"]
[Black "Szuhanek, Ranko"]
[Result "1/2-1/2"]
[WhiteElo "2487"]
[BlackElo "2489"]
[PlyCount "81"]
[EventDate "2015.06.22"]
[EventType "tourn"]
[EventRounds "10"]
[EventCountry "BIH"]
[EventCategory "8"]
[SourceTitle "CBM 167 Extra"]
[Source "ChessBase"]
[SourceDate "2015.09.14"]
[SourceVersion "1"]
[SourceVersionDate "2015.09.14"]
[SourceQuality "1"]

1. d4 d5 2. c4 c6 3. Nf3 Nf6 4. Nc3 e6 5. Bg5 h6 6. Bxf6 Qxf6 7. e3 Nd7 8. Rc1 g6 9. Bd3 dxc4 10. Bxc4 Bg7 11. 0-0 Qe7 12. a3 0-0 13. e4 Rd8 14. Ba2 b6 15. Qe2 Bb7 16. Rfd1 Nf6 17. Ne5 Nd7 18. Nf3 Nf6 19. e5 Nd5 20. Nxd5 cxd5 21. Bb1 Rac8 22. Bd3 Rxc1 23. Rxc1 Rc8 24. Rxc8+ Bxc8 25. Qc2 Bb7 26. h4 Qd7 27. b4 Qc6 28. Qxc6 Bxc6 29. b5 Bd7 30. Ne1 Bf8 31. Nc2 Be7 32. g3 Kg7 33. Kg2 f5 34. f4 g5 35. hxg5 hxg5 36. Kf3 Be8 37. g4 fxg4+ 38. Kxg4 gxf4 39. Kxf4 Kh6 40. Nb4 Bg5+ 41. Kf3 1/2-1/2

[Event "Bijeljina"]
[Site "Bijeljina"]
[Date "2015.06.23"]
[Round "3"]
[White "Goric, Esad"]
[Black "Szuhanek, Ranko"]
[Result "0-1"]
[WhiteElo "2297"]
[BlackElo "2489"]
[PlyCount "58"]
[EventDate "2015.06.22"]
[EventType "tourn"]
[EventRounds "10"]
[EventCountry "BIH"]
[EventCategory "8"]
[SourceTitle "CBM 167 Extra"]
[Source "ChessBase"]
[SourceDate "2015.09.14"]
[SourceVersion "1"]
[SourceVersionDate "2015.09.14"]
[SourceQuality "1"]

1. Nf3 d5 2. d4 Nf6 3. c4 c6 4. cxd5 cxd5 5. Nc3 Nc6 6. g3 Bf5 7. Bg2 e6 8. 0-0 Be7 9. Nh4 Bg6 10. Nxg6 hxg6 11. Bg5 Ng8 12. Bxe7 Ngxe7 13. e3 0-0 14. Re1 Rc8 15. Ne2 Na5 16. b3 Qb6 17. Nf4 Nac6 18. h4 Nb4 19. Re2 Rc3 20. a3 Nbc6 21. b4 Rc8 22. Nd3 Nb8 23. Bf1 Qc7 24. Nc5 b6 25. Nd3 Nf5 26. Rb2 Nxe3 27. fxe3 Qxg3+ 28. Rg2 Qxe3+ 29. Nf2 Nc6 0-1

[Event "SRB-chT"]
[Site "Palic"]
[Date "2014.09.06"]
[Round "8.1"]
[White "Jesenski, Tibor"]
[Black "Szuhanek, Ranko"]
[Result "1-0"]
[WhiteElo "2346"]
[BlackElo "2511"]
[PlyCount "87"]
[EventDate "2014.08.30"]
[EventType "team-tourn"]
[EventRounds "11"]
[EventCountry "SRB"]
[SourceTitle "CBM 162 Extra"]
[Source "ChessBase"]
[SourceDate "2014.10.17"]
[SourceVersion "1"]
[SourceVersionDate "2014.10.17"]
[SourceQuality "1"]
[WhiteTeam "Pacir Backa"]
[BlackTeam "Smederevska Palanka"]
[WhiteTeamCountry "SRB"]
[BlackTeamCountry "SRB"]

1. d4 d5 2. c4 c6 3. cxd5 cxd5 4. Nc3 Nf6 5. Nf3 Nc6 6. Bf4 a6 7. e3 Bf5 8. Rc1 Rc8 9. Ne5 Qb6 10. Bd3 Bxd3 11. Nxd3 e6 12. 0-0 Be7 13. Na4 Qa7 14. Ne5 0-0 15. Nxc6 Rxc6 16. Rxc6 bxc6 17. Qc2 Rc8 18. Rc1 Nd7 19. h3 f6 20. Bg3 g6 21. Qd3 Qb7 22. e4 Kf7 23. Qc2 Nf8 24. exd5 exd5 25. Nc3 Qd7 26. Qb3 Ne6 27. Qb6 Qd8 28. Qxa6 Nxd4 29. Qb7 Qe8 30. Nxd5 Ne2+ 31. Kh2 Nxc1 32. Nxe7 Rd8 33. Nf5+ Qd7 34. Nd6+ Kg8 35. Qb6 Ne2 36. Ne4 Rf8 37. Bd6 Rf7 38. Qb3 Qf5 39. Qe3 Qe6 40. Qd3 Qd5 41. Qxe2 f5 42. Nf6+ Rxf6 43. Qe8+ Kg7 44. Be5 1-0

[Event "SRB-chT"]
[Site "Palic"]
[Date "2014.09.04"]
[Round "6.1"]
[White "Sredojevic, Ivan"]
[Black "Szuhanek, Ranko"]
[Result "1-0"]
[WhiteElo "2414"]
[BlackElo "2511"]
[PlyCount "95"]
[EventDate "2014.08.30"]
[EventType "team-tourn"]
[EventRounds "11"]
[EventCountry "SRB"]
[SourceTitle "CBM 162 Extra"]
[Source "ChessBase"]
[SourceDate "2014.10.17"]
[SourceVersion "1"]
[SourceVersionDate "2014.10.17"]
[SourceQuality "1"]
[WhiteTeam "Gornji Milanovac Metalac"]
[BlackTeam "Smederevska Palanka"]
[WhiteTeamCountry "SRB"]
[BlackTeamCountry "SRB"]

1. e4 c5 2. Nf3 d6 3. d4 cxd4 4. Nxd4 Nf6 5. Nc3 a6 6. f3 e5 7. Nb3 Be6 8. Be3 h5 9. Qd2 Nbd7 10. a4 Nb6 11. Be2 Be7 12. 0-0 d5 13. a5 d4 14. axb6 dxe3 15. Qxe3 Rc8 16. Rfd1 Nd7 17. Ra5 Bb4 18. Rxe5 Bxc3 19. bxc3 Qf6 20. Rxd7 Qxe5 21. f4 Rxc3 22. Rd8+ Ke7 23. Bd3 Rxd8 24. fxe5 Bxb3 25. Qd2 Bxc2 26. Qxc3 Bxd3 27. Kf2 Bb5 28. Qc7+ Rd7 29. Qc5+ Ke6 30. Ke3 g5 31. Qc8 Kxe5 32. Qc5+ Ke6 33. Qf5+ Kd6 34. Qd5+ Ke7 35. Qxg5+ Ke8 36. Qe5+ Kd8 37. Qh8+ Ke7 38. Qxh5 Bc6 39. Qe5+ Kd8 40. h4 Re7 41. Qb8+ Kd7 42. e5 Re6 43. g4 f6 44. h5 fxe5 45. Qc7+ Ke8 46. Qg7 Re7 47. Qg8+ Kd7 48. h6 1-0

[Event "Maccabiah GM2"]
[Site "Jerusalem"]
[Date "2013.07.28"]
[Round "9"]
[White "Bitelmajer, Martin"]
[Black "Szuhanek, Ranko"]
[Result "1/2-1/2"]
[WhiteElo "2343"]
[BlackElo "2519"]
[PlyCount "61"]
[EventDate "2013.07.21"]
[EventType "tourn"]
[EventRounds "9"]
[EventCountry "ISR"]
[EventCategory "9"]
[SourceTitle "CBM 155 Extra"]
[Source "ChessBase"]
[SourceDate "2013.08.26"]
[SourceVersion "1"]
[SourceVersionDate "2013.08.26"]
[SourceQuality "1"]

1. d4 d5 2. c4 c6 3. e3 Nf6 4. Nf3 a6 5. Nbd2 Bf5 6. Be2 e6 7. 0-0 Nbd7 8. b3 Bd6 9. Bb2 Ne4 10. Nxe4 Bxe4 11. Nd2 Bg6 12. Re1 b5 13. Bf1 bxc4 14. bxc4 Bxh2+ 15. Kxh2 Qb8+ 16. Kg1 Qxb2 17. Nb3 0-0 18. Na5 Rfc8 19. Qb3 Qxb3 20. axb3 c5 21. dxc5 Nxc5 22. cxd5 exd5 23. Red1 Bc2 24. Rxd5 Nxb3 25. Nxb3 Bxb3 26. Rda5 Bc4 27. Bxc4 Rxc4 28. Rxa6 Rxa6 29. Rxa6 g6 30. Kh2 Kg7 31. Kg3 1/2-1/2

[Event "Borovo"]
[Site "Borovo"]
[Date "2010.09.24"]
[Round "9"]
[White "Szuhanek, Ranko"]
[Black "Cabrilo, Goran"]
[Result "1/2-1/2"]
[WhiteElo "2504"]
[BlackElo "2455"]
[PlyCount "40"]
[EventDate "2010.09.20"]
[EventType "tourn"]
[EventRounds "10"]
[EventCountry "CRO"]
[EventCategory "9"]
[SourceTitle "CBM 138 Extra"]
[Source "ChessBase"]
[SourceDate "2010.10.29"]
[SourceVersion "1"]
[SourceVersionDate "2010.10.29"]
[SourceQuality "1"]

1. Nf3 Nf6 2. c4 c5 3. Nc3 e6 4. g3 b6 5. Bg2 Bb7 6. 0-0 d6 7. Re1 Ne4 8. Nxe4 Bxe4 9. d3 Bb7 10. e4 Be7 11. d4 cxd4 12. Nxd4 0-0 13. b3 a6 14. Bb2 Nd7 15. Qd2 Qc7 16. Rad1 Rfe8 17. f4 Bf8 18. h3 Rad8 19. Kh2 Qb8 20. Re3 Qa8 1/2-1/2

[Event "Borovo"]
[Site "Borovo"]
[Date "2010.09.23"]
[Round "8"]
[White "Szuhanek, Ranko"]
[Black "Sertic, Rudolf"]
[Result "1-0"]
[WhiteElo "2504"]
[BlackElo "2422"]
[PlyCount "141"]
[EventDate "2010.09.20"]
[EventType "tourn"]
[EventRounds "10"]
[EventCountry "CRO"]
[EventCategory "9"]
[SourceTitle "CBM 138 Extra"]
[Source "ChessBase"]
[SourceDate "2010.10.29"]
[SourceVersion "1"]
[SourceVersionDate "2010.10.29"]
[SourceQuality "1"]

1. Nf3 d5 2. d4 Nf6 3. c4 e6 4. Nc3 Be7 5. Bg5 h6 6. Bxf6 Bxf6 7. Qb3 c6 8. Rd1 0-0 9. e4 dxe4 10. Nxe4 Qa5+ 11. Rd2 Be7 12. Bd3 Bb4 13. Nc3 Nd7 14. 0-0 Bxc3 15. bxc3 b6 16. Re2 Bb7 17. Ne5 Rad8 18. c5 Nxe5 19. Rxe5 Rd5 20. Rfe1 Rxe5 21. Rxe5 b5 22. Re3 Re8 23. h3 Re7 24. Qb2 Qc7 25. Qe2 a5 26. a3 Qf4 27. a4 b4 28. cxb4 Qxd4 29. bxa5 Qxc5 30. a6 Bc8 31. Rg3 f5 32. Qb2 Qa7 33. Qf6 Qc7 34. Bc4 Qd6 35. h4 f4 36. Rg4 Rf7 37. Qa1 c5 38. Rg6 f3 39. g3 Kh7 40. h5 Re7 41. Qb1 Kg8 42. Qe4 Qd1+ 43. Kh2 Qd4 44. Qxd4 cxd4 45. Rg4 Ra7 46. Rxd4 Bxa6 47. Bxe6+ Kf8 48. Rf4+ Ke8 49. Rxf3 Re7 50. Re3 Kd8 51. g4 Ra7 52. Bd5 Bc8 53. Re4 Bd7 54. Bb3 Bc6 55. Rb4 Kc7 56. Kg3 Ra5 57. Bc2 Kd6 58. Rc4 Ra6 59. f3 Bd5 60. Rc3 Bc6 61. Ra3 Kc5 62. f4 Kb4 63. Ra1 Ra5 64. Rb1+ Kc3 65. Bf5 Bxa4 66. Rb7 Ra8 67. Rxg7 Kd4 68. Re7 Ra6 69. g5 Bb3 70. g6 Ra8 71. Rh7 1-0

[Event "Apatin & Vukovar"]
[Site "Banja Junakovic/Vukovar"]
[Date "2010.03.18"]
[Round "8"]
[White "Szuhanek, Ranko"]
[Black "Kostic, Vladimir G"]
[Result "1/2-1/2"]
[WhiteElo "2496"]
[BlackElo "2419"]
[PlyCount "50"]
[EventDate "2010.03.15"]
[EventType "tourn"]
[EventRounds "10"]
[EventCountry "YUG"]
[EventCategory "7"]
[SourceTitle "CBM 135 Extra"]
[Source "ChessBase"]
[SourceDate "2010.05.04"]
[SourceVersion "1"]
[SourceVersionDate "2010.05.04"]
[SourceQuality "1"]

1. Nf3 Nf6 2. c4 c5 3. Nc3 Nc6 4. d4 cxd4 5. Nxd4 e6 6. a3 Bc5 7. Nb3 Be7 8. e4 0-0 9. Be2 b6 10. 0-0 Ba6 11. Be3 Rc8 12. f4 d6 13. Rc1 Re8 14. Rf2 Qd7 15. Qf1 Red8 16. Nd2 Qe8 17. b4 d5 18. cxd5 Bxe2 19. Rxe2 exd5 20. exd5 Nxd5 21. Nxd5 Rxd5 22. Ne4 Qd7 23. Rec2 a5 24. Bxb6 axb4 25. axb4 Bxb4 1/2-1/2

[Event "Borovo 2nd"]
[Site "Borovo"]
[Date "2010.01.13"]
[Round "5"]
[White "Majeric, Zoran"]
[Black "Szuhanek, Ranko"]
[Result "0-1"]
[WhiteElo "2250"]
[BlackElo "2479"]
[PlyCount "43"]
[EventDate "2010.01.11"]
[EventType "tourn"]
[EventRounds "9"]
[EventCountry "CRO"]
[EventCategory "3"]
[SourceTitle "CBM 134 Extra"]
[Source "ChessBase"]
[SourceDate "2010.03.03"]
[SourceVersion "1"]
[SourceVersionDate "2010.03.03"]
[SourceQuality "1"]

1. e4 c5 2. Nc3 Nc6 3. Nf3 g6 4. Bb5 Bg7 5. Bxc6 bxc6 6. e5 f6 7. exf6 Nxf6 8. 0-0 0-0 9. d3 d6 10. h3 e5 11. Ne4 Nd5 12. Bg5 Qc7 13. c4 Nf4 14. Rb1 a5 15. a4 h6 16. Bh4 g5 17. Bg3 g4 18. hxg4 Bxg4 19. Bh4 Nxg2 20. Bf6 Bxf6 21. Kxg2 Bg5 22. Nfxg5 0-1